Statistics for Countries that Visit Russia the Most

Click here to take the quiz!

General Stats

  • This quiz has been taken 51 times
  • The average score is 12 of 15

Answer Stats

VisitorsCountry% Correct
2,257,039China
98%
8,646,295Ukraine
94%
938,693Finland
92%
744,473Germany
90%
4,324,856Kazakhstan
90%
2,588,922Uzbekistan
86%
680,382Poland
84%
816,454Armenia
78%
1,557,148Tajikistan
78%
1,175,045Azerbaijan
76%
867,840Georgia
76%
540,062Estonia
73%
959,130Kyrgyzstan
71%
614,043Moldova
67%
453,796South Korea
59%

Score Distribution

Percentile by Number Answered

Percent of People with Each Score

Your Score History

You have not taken this quiz